Účtovanie zúčtovacích vzťahov so zamestnancami a s orgánmi sociálneho a zdravotného poistenia (z hľadiska interného audítora) diplomová práca

Na minha lista:
Detalhes bibliográficos
Autor principal: Trnkusová, Anna
Autor Corporativo: Fakulta hospodárskej informatiky EU. Katedra účtovníctva a audítorstva
Outros Autores: Vépyová, Mária
Formato: Livro
Idioma:eslovaco
Publicado em: Bratislava 2012
Tags: Adicionar Tag
Sem tags, seja o primeiro a adicionar uma tag!

MARC

LEADER 00000nbm a2200000 4500
001 0162024
005 20170314101600.1
041 0 |a slo 
044 |a SK 
245 1 0 |a Účtovanie zúčtovacích vzťahov so zamestnancami a s orgánmi sociálneho a zdravotného poistenia (z hľadiska interného audítora)  |b diplomová práca  |c Anna Trnkusová ; školiteľ: Mária Vépyová 
264 1 |a Bratislava  |c 2012 
300 |a 71 s. 
100 1 |a Trnkusová, Anna 
700 1 |a Vépyová, Mária 
710 2 |a Fakulta hospodárskej informatiky EU. Katedra účtovníctva a audítorstva